000
00361cam a2200169 4500
001
D12506
008
090401t1942 xxu||||| |||| 00| 0 eng d
035
_a
(Sirsi) u3873
041
_a
eng
100
_a
Creswell, H. B.
245
_a
Grig
260
_b
Faber and Faber Ltd
_c
1942
350
_a
0
520
_a
Shelf 114
942
_n
0
948
_c
04/03/1997
999
_c
85954
_d
85954